| 000 | 00814nam a2200229Ia 4500 | ||
|---|---|---|---|
| 003 | OSt | ||
| 005 | 20240429103019.0 | ||
| 008 | 210716s2000 xx 000 0 und d | ||
| 020 | _a9780446508940 | ||
| 040 | _cAIMIT LIBRARY | ||
| 041 | _aeng | ||
| 082 |
_a374.22 _21 _bKIYR |
||
| 100 |
_aKiyosaki, Robert T. _9162439 |
||
| 245 |
_aRich dads guide to investing: _bwhat the rich invest in that the poor and middle class do not / _cBy Robert T Kiyosaki, Sharon L Lechter. |
||
| 250 | _a1st ed. | ||
| 260 |
_aNew York : _bBusiness Plus , _c2000 |
||
| 300 |
_axiv,513p. ; _bPB _c17.2 cm |
||
| 650 |
_aPouring a foundation of wealth _9162440 |
||
| 650 |
_aWhat kind of world do you see _9162441 |
||
| 650 |
_aAre you planning to be rich or are you planning to be poor _9162442 |
||
| 942 |
_2ddc _cBK _e1st _k374.22 KIYR |
||
| 999 |
_c205319 _d205319 |
||